=LDR 00000nam 2200000 4500 =001 INLIS000000000010841 =005 20130612102443 =008 ***********************************Ind** =035 ##$$0010-061300000010841 =041 ##$$a Ind =082 ##$$a 342 b =090 ##$$a 342, Man b =100 ##$$a Manan, Bagir =245 ##$$a Berapa masalah hukum tata Negara Indonesia, DR.H.Bagir Manan.S.H.MEL =260 ##$$a 1993 $b Bandung =300 ##$$a x-174 hlm, 21 cm =650 ##$$a Hukum Tata Negara =700 ##$$a magnar, Kuntana =850 ##$$a NBPNMAT